Personnages Titanic - Mort subite - Statistiques

Statistiques générales
  • Ce quiz a été pris 551 fois
  • Le résultat moyen est 6 sur 16
Answers on the Grid
Answers color-coded by a green-red scale on the quiz's grid according to % correct below.
Rose DeWitt Bukater
Jack Dawson
Caledon Hockley
Brock Lovett
Ruth Dewitt Bukater
Molly Brown
Lizzy Calvert
Fabrizio De Rossi
Robert Hichens
Edward James Smith
Lewis Bodine
Thomas Andrews
Spicer Lovejoy
Cora Cartmell
John Jacob Astor
Tommy Ryan
Lindsey Brigman
Hiram Coffey
Jammer Willis
John Smith
Owen Chase
Thomas Nickerson
Howard Hughes
Molly Smith
 
Statistiques - réponses
Réponse % Correct
Jack Dawson
80%
Rose DeWitt Bukater
69%
Thomas Andrews
50%
Molly Brown
46%
Fabrizio De Rossi
44%
Ruth Dewitt Bukater
39%
Caledon Hockley
38%
John Jacob Astor
32%
Edward James Smith
29%
Lizzy Calvert
29%
Brock Lovett
28%
Cora Cartmell
24%
Spicer Lovejoy
23%
Tommy Ryan
20%
Lewis Bodine
13%
Robert Hichens
9%
Aucun quiz correspondant
Distribution des résultats
% des personnes avec chaque résultat
Percentile par nombre de réponses
Votre historique - résultats
Vous n’avez pas pris ce quiz